000 00339nam a22001217a 4500
040 _cHS
082 _a910
100 _aHUOT KONGHEANG
245 _a GIS Geographic information system ArcMap tutorial ArcGIS 9.3 refernce document
260 _aPeak leap national school of agriculture
_bHUOT KONGHEANG
_c1998
300 _a56p;
942 _cEK
999 _c9646
_d9646